[Event "Perth AUS Open"]
[Site "?"]
[Date "2023.01.05"]
[Round "6.45"]
[White "Brown, Greg"]
[Black "Yu Leiming"]
[Result "1/2-1/2"]
[WhiteElo "1312"]
[BlackElo "1511"]
[PlyCount "82"]
[EventDate "2023.01.??"]
[EventRounds "11"]
[EventCountry "AUS"]
[SourceVersionDate "2023.01.02"]

1. c4 c6 2. g3 d5 3. cxd5 cxd5 4. d4 Nc6 5. Bg2 Nf6 6. e3 Bg4 7. Qb3 Qc7 8. Nc3 e6 9. Nge2 Bb4 10. O-O O-O 11. h3 Bf5 12. a3 Be7 13. Bd2 Na5 14. Qa2 Bc2 15. Rfc1 Bb3 16. Qb1 Nc4 17. Be1 Qd6 18. Nf4 Nd7 19. Bf1 Ndb6 20. Nd3 Qc6 21. Na2 Qd7 22. Be2 e5 23. Nxe5 Nxe5 24. dxe5 Qxh3 25. Bb4 Bxa2 26. Rxa2 Bxb4 27. axb4 Qe6 28. f4 Nc4 29. Qd3 Qb6 30. Kf2 Qxb4 31. Qxd5 Nd2 32. Qd4 Qb3 33. Bc4 Nxc4 34. Qxc4 Qb6 35. Qc7 Qe6 36. Qc4 Qh3 37. Qe4 Rfd8 38. b4 Qe6 39. Qc4 Qh3 40. Qe4 Qe6 41. Qc4 Qh3 1/2-1/2

[Event "Perth AUS Open"]
[Site "?"]
[Date "2023.01.05"]
[Round "6.46"]
[White "Rafiei Darani, Daryoush"]
[Black "Manganas, Alexander"]
[Result "1-0"]
[WhiteElo "1504"]
[BlackElo "1155"]
[PlyCount "39"]
[EventDate "2023.01.??"]
[EventRounds "11"]
[EventCountry "AUS"]
[SourceVersionDate "2023.01.02"]

1. e4 c5 2. d4 cxd4 3. c3 dxc3 4. Nxc3 e6 5. Nf3 Nc6 6. Bc4 Bb4 7. O-O Bxc3 8. bxc3 Nge7 9. h4 Ng6 10. h5 Nge5 11. Nxe5 Nxe5 12. Qd4 Qf6 13. Ba3 Qg5 14. f4 Nc6 15. fxg5 Nxd4 16. cxd4 b6 17. Bd6 Bb7 18. d5 Rc8 19. Bb3 exd5 20. exd5 1-0

[Event "Perth AUS Open"]
[Site "?"]
[Date "2023.01.05"]
[Round "6.49"]
[White "Andador, Dominador"]
[Black "De Rooy, Samuel"]
[Result "1-0"]
[WhiteElo "1886"]
[BlackElo "1317"]
[PlyCount "75"]
[EventDate "2023.01.??"]
[EventRounds "11"]
[EventCountry "AUS"]
[SourceVersionDate "2023.01.02"]

1. e4 c6 2. d4 d5 3. Nd2 dxe4 4. Nxe4 Nf6 5. Ng3 c5 6. Be3 cxd4 7. Qxd4 Qxd4 8. Bxd4 Nc6 9. Bb5 Bd7 10. Bxc6 Bxc6 11. f3 e6 12. O-O-O Be7 13. Nh3 O-O 14. Rhe1 Rfe8 15. Nf4 Rad8 16. Nfh5 Nxh5 17. Nxh5 Bf8 18. a3 b6 19. Re2 f6 20. Red2 e5 21. Be3 Rxd2 22. Rxd2 Be7 23. Ng3 Rd8 24. Nf5 Kf7 25. Rxd8 Bxd8 26. Nd6+ Ke6 27. Nc8 a6 28. Nxb6 Bxb6 29. Bxb6 Kd6 30. Be3 f5 31. g3 e4 32. f4 g6 33. b3 Bd7 34. c4 Kc6 35. Kd2 Be6 36. Kc3 Bf7 37. b4 Be6 38. a4 1-0

[Event "Perth AUS Open"]
[Site "?"]
[Date "2023.01.05"]
[Round "6.50"]
[White "Allison, Brian C"]
[Black "De Rooy, Jack"]
[Result "0-1"]
[WhiteElo "1624"]
[BlackElo "1242"]
[PlyCount "82"]
[EventDate "2023.01.??"]
[EventRounds "11"]
[EventCountry "AUS"]
[SourceVersionDate "2023.01.02"]

1. f4 d5 2. e3 Nf6 3. Nf3 e6 4. Be2 Bd6 5. b3 Bd7 6. Bb2 c5 7. Ne5 Nc6 8. O-O Qc7 9. d4 O-O 10. Nd2 Ne4 11. c4 Nxd2 12. Qxd2 cxd4 13. exd4 dxc4 14. Bxc4 Nxe5 15. fxe5 Be7 16. Rac1 Qd8 17. Qf2 Bc6 18. Rc3 Bh4 19. Qf4 Qg5 20. g3 Qxf4 21. gxf4 Rac8 22. Rh3 Be7 23. Bd3 g6 24. Kf2 Bd5 25. Rg1 Rc7 26. Ke3 Rfc8 27. Kd2 Bb4+ 28. Ke3 a5 29. Rgg3 a4 30. Ke2 a3 31. Bxa3 Bxa3 32. f5 exf5 33. Bxf5 Be6 34. Bxe6 fxe6 35. Rh4 Rc2+ 36. Kd3 R8c3+ 37. Ke4 Re2+ 38. Kf4 Bc1+ 39. Kg4 Re4+ 40. Kh3 Rxg3+ 41. hxg3 Rxh4+ 0-1

[Event "Perth AUS Open"]
[Site "?"]
[Date "2023.01.05"]
[Round "6.52"]
[White "Stokes, Mark C"]
[Black "Milner, Anthony James"]
[Result "1-0"]
[WhiteElo "1569"]
[BlackElo "1102"]
[PlyCount "41"]
[EventDate "2023.01.??"]
[EventRounds "11"]
[EventCountry "AUS"]
[SourceVersionDate "2023.01.02"]

1. d4 d5 2. e3 Bf5 3. c4 c6 4. Nc3 Nf6 5. Nf3 e6 6. h3 Bb4 7. Qb3 Bxc3+ 8. bxc3 Qc7 9. Ba3 Nbd7 10. Rc1 b6 11. cxd5 exd5 12. c4 Qb7 13. Be2 Ng8 14. cxd5 cxd5 15. Qb4 Rc8 16. Rxc8+ Qxc8 17. Bb5 Kd8 18. O-O h5 19. Rc1 Nc5 20. dxc5 Bxh3 21. cxb6 1-0

[Event "Perth AUS Open"]
[Site "?"]
[Date "2023.01.05"]
[Round "6.54"]
[White "Milovanovic, Stevica"]
[Black "Pavelic, Toni Martin"]
[Result "0-1"]
[WhiteElo "1348"]
[BlackElo "1348"]
[PlyCount "56"]
[EventDate "2023.01.??"]
[EventRounds "11"]
[EventCountry "AUS"]
[SourceVersionDate "2023.01.02"]

1. e4 c5 2. Nc3 Nc6 3. Bb5 e6 4. d3 Nd4 5. Bc4 b5 6. Bb3 d5 7. exd5 exd5 8. Bxd5 Qe7+ 9. Be3 Bb7 10. Bxb7 Qxb7 11. f3 Nf6 12. Bxd4 cxd4 13. Ne4 Bb4+ 14. Kf2 Nd5 15. Ne2 O-O 16. a3 Be7 17. g3 f5 18. Nd2 Ne3 19. Qc1 Ng4+ 20. Ke1 Rae8 21. h3 Ne5 22. Nxd4 Bc5 23. Ne2 Nxf3+ 24. Kd1 Nxd2 25. Re1 Be3 26. Ng1 Qg2 27. Ne2 Nf3 28. Nf4 Bxf4 0-1

[Event "Perth AUS Open"]
[Site "?"]
[Date "2023.01.06"]
[Round "7.1"]
[White "Kuybokarov, Temur"]
[Black "Morris, James"]
[Result "1-0"]
[WhiteElo "2558"]
[BlackElo "2456"]
[PlyCount "101"]
[EventDate "2023.01.??"]
[EventRounds "11"]
[EventCountry "AUS"]
[SourceVersionDate "2023.01.02"]

1. e4 c5 2. Nf3 d6 3. d4 cxd4 4. Nxd4 Nf6 5. Nc3 a6 6. Bg5 e6 7. f4 h6 8. Bh4 Be7 9. Qf3 Nbd7 10. O-O-O Qc7 11. Be2 b5 12. Bxf6 Nxf6 13. e5 Bb7 14. Qg3 dxe5 15. fxe5 Ne4 16. Nxe6 Qxc3 17. Nxg7+ Kf8 18. Ne6+ Ke8 19. Ng7+ Kf8 20. Ne6+ Ke8 21. Qxc3 Nxc3 22. Nc7+ Kf8 23. bxc3 Rc8 24. Nd5 Ba3+ 25. Kb1 Bxd5 26. Rxd5 Rg8 27. Bf3 Rxc3 28. Rd7 Rg5 29. Re1 Rc4 30. Rd3 Rb4+ 31. Rb3 Ke7 32. c3 Ra4 33. Re2 h5 34. Bd5 Rf5 35. Kc2 Bc5 36. Rb1 Rh4 37. Rd1 Rhf4 38. Bf3 h4 39. Rd5 Bg1 40. h3 Ra4 41. Kb3 Kf8 42. Rd8+ Ke7 43. Rb8 Bh2 44. Rb7+ Kf8 45. e6 fxe6 46. Rxe6 Rc5 47. Bc6 Re5 48. Rf6+ Kg8 49. Rd6 Re7 50. Bd5+ Kf8 51. Rd8+ 1-0

[Event "Perth AUS Open"]
[Site "?"]
[Date "2023.01.06"]
[Round "7.2"]
[White "Tin Jingyao"]
[Black "Johansen, Darryl K"]
[Result "1-0"]
[WhiteElo "2598"]
[BlackElo "2360"]
[PlyCount "59"]
[EventDate "2023.01.??"]
[EventRounds "11"]
[EventCountry "AUS"]
[SourceVersionDate "2023.01.02"]

1. d4 e6 2. c4 Bb4+ 3. Bd2 Bxd2+ 4. Qxd2 Nf6 5. Nc3 d5 6. e3 O-O 7. Rc1 Qe7 8. Nf3 Rd8 9. cxd5 exd5 10. Bd3 Be6 11. O-O Nbd7 12. h3 c5 13. dxc5 Nxc5 14. Bb1 Nce4 15. Qd4 Nd6 16. Rfd1 a6 17. b3 Rac8 18. Qe5 Kf8 19. Nd4 Rc7 20. Nce2 Rxc1 21. Rxc1 Rc8 22. Nxe6+ fxe6 23. Rxc8+ Nxc8 24. Nd4 Kf7 25. Nf3 h6 26. Qb8 Qc5 27. Qxb7+ Ne7 28. Ne5+ Kf8 29. Ng6+ Nxg6 30. Bxg6 1-0

[Event "Perth AUS Open"]
[Site "?"]
[Date "2023.01.06"]
[Round "7.3"]
[White "Nguyen Hong Anh"]
[Black "Vo, Thi Kim Phung"]
[Result "0-1"]
[WhiteElo "1954"]
[BlackElo "2343"]
[PlyCount "110"]
[EventDate "2023.01.??"]
[EventRounds "11"]
[EventCountry "AUS"]
[SourceVersionDate "2023.01.02"]

1. d4 Nf6 2. c4 e6 3. Nf3 d5 4. g3 dxc4 5. Bg2 c5 6. O-O Nc6 7. dxc5 Qxd1 8. Rxd1 Bxc5 9. Nbd2 c3 10. bxc3 O-O 11. Nb3 Be7 12. Nfd4 Nxd4 13. cxd4 Nd5 14. e4 Nc3 15. Re1 Bd7 16. Bd2 Rac8 17. Bf1 Ba3 18. Nc5 Bxc5 19. dxc5 Na4 20. Bb4 Nxc5 21. Red1 Ba4 22. Rd4 b5 23. Rc1 Nb7 24. Rxc8 Rxc8 25. Rd7 Nd8 26. a3 Nc6 27. Rb7 Nxb4 28. axb4 a6 29. Ra7 g5 30. Be2 Rc1+ 31. Kg2 Bd1 32. Bxd1 Rxd1 33. Rxa6 Rd4 34. f3 Rxb4 35. g4 Kg7 36. Ra7 Kf6 37. e5+ Kg6 38. Ra8 Rb2+ 39. Kg3 Re2 40. Rg8+ Kh6 41. f4 Re3+ 42. Kf2 gxf4 43. h4 b4 44. Rb8 Rb3 45. Rg8 Rg3 46. g5+ Kh5 47. Rg7 Kxh4 48. Rxf7 Kg4 49. Rf6 b3 50. Rxe6 b2 51. Rb6 Rh3 52. e6 Rh2+ 53. Kg1 Kg3 54. e7 f3 55. Rb3 Rc2 0-1

[Event "Perth AUS Open"]
[Site "?"]
[Date "2023.01.06"]
[Round "7.4"]
[White "Qi, Mars"]
[Black "Wallis, Christopher"]
[Result "1/2-1/2"]
[WhiteElo "2087"]
[BlackElo "2313"]
[PlyCount "98"]
[EventDate "2023.01.??"]
[EventRounds "11"]
[EventCountry "AUS"]
[SourceVersionDate "2023.01.02"]

1. e4 e5 2. Nf3 Nc6 3. d4 exd4 4. Nxd4 Bc5 5. Nxc6 Qf6 6. Qf3 bxc6 7. Nc3 d6 8. Na4 Qxf3 9. gxf3 Bd4 10. Be3 Bxe3 11. fxe3 f5 12. Rg1 g6 13. exf5 Bxf5 14. O-O-O Be6 15. Rg5 Ne7 16. Ra5 O-O 17. Be2 Nf5 18. Kd2 Kh8 19. Nc3 g5 20. Rg1 Nh4 21. Rf1 d5 22. Ra4 a5 23. f4 h6 24. e4 dxe4 25. fxg5 Rxf1 26. Bxf1 hxg5 27. Nxe4 Nf3+ 28. Kc3 Bd5 29. Be2 Rf8 30. h3 Rf4 31. Kd3 Bxe4+ 32. Rxe4 Ne1+ 33. Kd4 Nxc2+ 34. Ke5 Rf8 35. Bc4 Nb4 36. a3 Nd5 37. Bxd5 cxd5 38. Kxd5 Rf3 39. h4 Rb3 40. hxg5 Rxb2 41. Re8+ Kg7 42. Re7+ Kg6 43. Rxc7 Ra2 44. Rc3 Kxg5 45. Kc4 Rb2 46. Rb3 Rxb3 47. Kxb3 Kf6 48. Ka4 Ke7 49. Kxa5 Kd7 1/2-1/2

[Event "Perth AUS Open"]
[Site "?"]
[Date "2023.01.06"]
[Round "7.5"]
[White "Rice, Leah"]
[Black "Liu, Yi"]
[Result "0-1"]
[WhiteElo "1403"]
[BlackElo "2303"]
[PlyCount "74"]
[EventDate "2023.01.??"]
[EventRounds "11"]
[EventCountry "AUS"]
[SourceVersionDate "2023.01.02"]

1. d4 d5 2. c4 e6 3. Nc3 Nf6 4. Nf3 c6 5. e3 Nbd7 6. Be2 dxc4 7. a4 Bb4 8. Nd2 e5 9. Nxc4 exd4 10. Qxd4 Qe7 11. O-O O-O 12. a5 Nc5 13. Bd1 Rd8 14. Qe5 Be6 15. Be2 Nd3 16. Bxd3 Rxd3 17. Nd2 Bd6 18. Qg5 Bxh2+ 19. Kh1 Bc7 20. Nde4 Rad8 21. Nc5 h6 22. Qh4 Qxc5 23. e4 Bc4 24. Re1 Be5 25. Be3 Bd4 26. Bxd4 R8xd4 27. Qf4 Rd2 28. Qb8+ Rd8 29. Qh2 Ng4 30. Qh4 Nxf2+ 31. Kh2 R8d6 32. Qe7 Ng4+ 33. Kg3 Rxg2+ 34. Kxg2 Qf2+ 35. Kh3 Rd3+ 36. Kxg4 Qf3+ 37. Kh4 Qh3# 0-1

[Event "Perth AUS Open"]
[Site "?"]
[Date "2023.01.06"]
[Round "7.6"]
[White "Stojic, Dusan"]
[Black "Kelly, Adam"]
[Result "1-0"]
[WhiteElo "2219"]
[BlackElo "2006"]
[PlyCount "81"]
[EventDate "2023.01.??"]
[EventRounds "11"]
[EventCountry "AUS"]
[SourceVersionDate "2023.01.02"]

1. Nf3 d5 2. g3 c5 3. Bg2 Nc6 4. d4 Nf6 5. O-O e6 6. c4 dxc4 7. Qa4 Bd7 8. Qxc4 b5 9. Qd3 c4 10. Qc2 Rc8 11. a4 bxa4 12. e4 Na5 13. Ra2 Nb3 14. Be3 Be7 15. Ne5 Bb5 16. Nc3 a6 17. Rd1 Nd7 18. Nxd7 Bxd7 19. Nxa4 O-O 20. d5 exd5 21. Nb6 Rb8 22. Rxd5 Rxb6 23. Bxb6 Qxb6 24. Rxd7 Bc5 25. e5 Qe6 26. Rd5 Rc8 27. Ra4 Nd4 28. Qxc4 Bb6 29. Rxd4 Rxc4 30. Rdxc4 Qf5 31. Rf4 Qb1+ 32. Bf1 g5 33. Rf6 Qxb2 34. Rxa6 Bd4 35. Rf5 Kf8 36. Raf6 Qa2 37. Rxg5 Ke7 38. Rf4 Bb6 39. Bc4 Qb1+ 40. Kg2 Kd8 41. Rxf7 1-0

[Event "Perth AUS Open"]
[Site "?"]
[Date "2023.01.06"]
[Round "7.7"]
[White "Fu Yihe, Rebo"]
[Black "Tan Zhong Kai"]
[Result "1/2-1/2"]
[WhiteElo "2149"]
[BlackElo "1923"]
[PlyCount "111"]
[EventDate "2023.01.??"]
[EventRounds "11"]
[EventCountry "AUS"]
[SourceVersionDate "2023.01.02"]

1. e4 c5 2. Nf3 Nc6 3. d4 cxd4 4. Nxd4 g6 5. Nc3 Bg7 6. Be3 Nf6 7. Bc4 O-O 8. Bb3 d6 9. f3 Qa5 10. Qd2 Nxd4 11. Bxd4 Be6 12. O-O Nd7 13. Bxg7 Kxg7 14. Kh1 Rac8 15. f4 b5 16. f5 Bc4 17. Bxc4 Rxc4 18. Qd5 Nf6 19. Qd3 Qb4 20. Rab1 Qc5 21. a3 a5 22. b4 axb4 23. axb4 Rxb4 24. fxg6 Rxb1 25. Rxb1 b4 26. Nb5 hxg6 27. h3 Rh8 28. Nd4 Ng4 29. Qd2 e5 30. Nb3 Nf2+ 31. Kh2 Nxe4 32. Qd3 Qc6 33. Na5 Qa8 34. Nc4 Qc6 35. Rxb4 d5 36. Ne3 d4 37. Ng4 Nf6 38. Nf2 Rd8 39. Rc4 Qd5 40. c3 e4 41. Qxd4 e3 42. Ng4 Qxd4 43. cxd4 Nxg4+ 44. hxg4 e2 45. Rc1 Rxd4 46. Re1 Re4 47. Kg3 Kf6 48. Kf3 Ke5 49. g3 Kd4 50. Rxe2 Rxe2 51. Kxe2 Ke4 52. Kf2 f6 53. Ke2 g5 54. Kf2 Kd3 55. Kf3 Kd4 56. Kf2 1/2-1/2

[Event "Perth AUS Open"]
[Site "?"]
[Date "2023.01.06"]
[Round "7.8"]
[White "Jordan, William"]
[Black "Gao, Arthur"]
[Result "1-0"]
[WhiteElo "2181"]
[BlackElo "1754"]
[PlyCount "113"]
[EventDate "2023.01.??"]
[EventRounds "11"]
[EventCountry "AUS"]
[SourceVersionDate "2023.01.02"]

1. e4 c5 2. Nf3 Nc6 3. c3 Nf6 4. e5 Nd5 5. Bc4 Nb6 6. Bb3 e6 7. d4 cxd4 8. cxd4 d6 9. Qe2 dxe5 10. dxe5 Be7 11. Nc3 a6 12. O-O Qc7 13. Re1 Nd7 14. h4 h6 15. h5 b5 16. Bf4 Bb7 17. Rac1 Nc5 18. Ne4 Nxe4 19. Qxe4 O-O-O 20. Re2 Kb8 21. Rec2 Rc8 22. Be3 Qd7 23. Rd2 Qe8 24. Qg4 Na5 25. Rxc8+ Qxc8 26. Qd4 Nc6 27. Qf4 Rf8 28. Bc2 Nb4 29. Qd4 Nc6 30. Qg4 Nb4 31. Bb3 Nd5 32. Rc2 Qd8 33. Bc5 Bxc5 34. Rxc5 Qe7 35. Rc1 Rg8 36. a3 g5 37. Bxd5 Bxd5 38. Qd4 Qb7 39. Qc5 Rd8 40. Ne1 Bc4 41. a4 Qa7 42. Qb4 Qb7 43. axb5 Bxb5 44. Qc5 Qa7 45. Qc3 Qb7 46. Nf3 Rc8 47. Qxc8+ Qxc8 48. Rxc8+ Kxc8 49. Nh2 f5 50. exf6 Be8 51. Ng4 Bxh5 52. Ne5 Kc7 53. g4 Be8 54. f7 Bxf7 55. Nxf7 Kc6 56. Nxh6 Kc5 57. Nf7 1-0

[Event "Perth AUS Open"]
[Site "?"]
[Date "2023.01.06"]
[Round "7.9"]
[White "Teh Hui Lam"]
[Black "Kargosha, Bahman"]
[Result "0-1"]
[WhiteElo "1706"]
[BlackElo "2096"]
[PlyCount "64"]
[EventDate "2023.01.??"]
[EventRounds "11"]
[EventCountry "AUS"]
[SourceVersionDate "2023.01.02"]

1. e4 e5 2. Nf3 Nc6 3. d4 exd4 4. Bc4 Nf6 5. e5 d5 6. Bb5 Ne4 7. Nxd4 Bd7 8. Bxc6 bxc6 9. O-O Bc5 10. f3 Ng5 11. f4 Ne4 12. Be3 Bb6 13. Nc3 Nxc3 14. bxc3 c5 15. Nb3 c4 16. Nd4 c5 17. Ne2 Bc6 18. Qe1 d4 19. Rd1 Qd5 20. Qg3 d3 21. cxd3 cxd3 22. c4 Qxc4 23. Nc1 O-O-O 24. Bf2 Be4 25. Nb3 Qb4 26. Qe3 Rd5 27. Rd2 Kb8 28. Rb1 Bf5 29. a3 Qc4 30. Nxc5 Ka8 31. Rxb6 axb6 32. Nb7 Qc1+ 0-1

[Event "Perth AUS Open"]
[Site "?"]
[Date "2023.01.06"]
[Round "7.10"]
[White "Teh Rui Gen"]
[Black "Holliday, Bruce M"]
[Result "1/2-1/2"]
[WhiteElo "2028"]
[BlackElo "1760"]
[PlyCount "96"]
[EventDate "2023.01.??"]
[EventRounds "11"]
[EventCountry "AUS"]
[SourceVersionDate "2023.01.02"]

1. e4 c6 2. d4 d5 3. Nd2 dxe4 4. Nxe4 Bf5 5. Ng3 Bg6 6. Nf3 Nd7 7. Bd3 e6 8. O-O Bxd3 9. Qxd3 Ngf6 10. Re1 Be7 11. c4 O-O 12. Bd2 c5 13. Bc3 cxd4 14. Nxd4 Rc8 15. b3 Re8 16. Rad1 Qb6 17. Nb5 Nc5 18. Qe2 Rcd8 19. Be5 Rxd1 20. Rxd1 a6 21. Nc3 Rd8 22. Kf1 Kf8 23. Rd2 Rxd2 24. Qxd2 Qd8 25. Qxd8+ Bxd8 26. Bd6+ Be7 27. Bxc5 Bxc5 28. Nce4 Nxe4 29. Nxe4 Bb4 30. Ke2 Ke7 31. f4 f5 32. Nf2 Kd6 33. Nd3 Bc3 34. Ke3 g6 35. a3 h6 36. h3 e5 37. fxe5+ Bxe5 38. Nb4 h5 39. Nd5 g5 40. Kd3 Bb2 41. a4 Ke5 42. b4 f4 43. Nb6 g4 44. hxg4 hxg4 45. c5 Bd4 46. Nc4+ Kd5 47. Nb6+ Ke5 48. Nc4+ Kd5 1/2-1/2

[Event "Perth AUS Open"]
[Site "?"]
[Date "2023.01.06"]
[Round "7.11"]
[White "Bassig, Hamish"]
[Black "Barry, David"]
[Result "1-0"]
[WhiteElo "1973"]
[BlackElo "1647"]
[PlyCount "53"]
[EventDate "2023.01.??"]
[EventRounds "11"]
[EventCountry "AUS"]
[SourceVersionDate "2023.01.02"]

1. d4 Nf6 2. Nf3 d5 3. Bf4 c5 4. e3 Nc6 5. Nbd2 Qb6 6. dxc5 Qxb2 7. Rb1 Qc3 8. Bb5 e6 9. O-O Qxc5 10. c4 a6 11. Bxc6+ bxc6 12. Qa4 Bd7 13. Ne5 Qa3 14. Qc2 Bd6 15. cxd5 Bxe5 16. dxe6 O-O 17. Bxe5 Bxe6 18. Bxf6 gxf6 19. Ne4 Qxa2 20. Nxf6+ Kg7 21. Qc3 Kg6 22. Ne4 f6 23. f4 Bf5 24. Rb2 Qd5 25. Nc5 Rfb8 26. e4 Bxe4 27. Rd2 1-0

[Event "Perth AUS Open"]
[Site "?"]
[Date "2023.01.06"]
[Round "7.13"]
[White "Hernandez Mendez, Iker"]
[Black "Norris, Damian"]
[Result "0-1"]
[WhiteElo "1611"]
[BlackElo "1890"]
[PlyCount "72"]
[EventDate "2023.01.??"]
[EventRounds "11"]
[EventCountry "AUS"]
[SourceVersionDate "2023.01.02"]

1. e4 c5 2. d4 cxd4 3. c3 Nf6 4. e5 Nd5 5. Nf3 Nc6 6. Bc4 Nb6 7. Bb3 dxc3 8. Nxc3 e6 9. Bf4 Be7 10. O-O O-O 11. Qe2 f6 12. Rfd1 Qe8 13. exf6 Bxf6 14. Bd6 Be7 15. Nb5 Bxd6 16. Nxd6 Qh5 17. Qe4 Kh8 18. a4 Qa5 19. Bc2 Qh5 20. Bb3 Rb8 21. Rac1 Na8 22. Bc2 Ne7 23. Nxc8 Rbxc8 24. Rxd7 Nd5 25. Ng5 Nf6 26. Qxe6 Qxg5 27. Rdd1 Ng4 28. Qe4 Qh4 29. h3 Qxf2+ 30. Kh1 Nf6 31. Qd3 Qh4 32. Rf1 Nb6 33. Rcd1 Nbd5 34. Bb3 Nf4 35. Qf5 Ne2 36. Kh2 Ng3 0-1

[Event "Perth AUS Open"]
[Site "?"]
[Date "2023.01.06"]
[Round "7.14"]
[White "Young, Micah"]
[Black "Lee, Alexandre KM"]
[Result "1/2-1/2"]
[WhiteElo "1845"]
[BlackElo "1558"]
[PlyCount "49"]
[EventDate "2023.01.??"]
[EventRounds "11"]
[EventCountry "AUS"]
[SourceVersionDate "2023.01.02"]

1. e4 e6 2. d4 d5 3. Nc3 Bb4 4. e5 c5 5. a3 Ba5 6. Be3 Nc6 7. Bb5 cxd4 8. Bxd4 Nge7 9. f4 O-O 10. Bc5 Bd7 11. Nf3 Bxc3+ 12. bxc3 Nxe5 13. Nxe5 Bxb5 14. c4 Bc6 15. cxd5 exd5 16. O-O Re8 17. f5 f6 18. Ng4 Nc8 19. Qf3 Nd6 20. Qg3 Ne4 21. Nh6+ Kh8 22. Nf7+ Kg8 23. Nh6+ Kh8 24. Nf7+ Kg8 25. Nh6+ 1/2-1/2

[Event "Perth AUS Open"]
[Site "?"]
[Date "2023.01.06"]
[Round "7.15"]
[White "Dagza, Ben"]
[Black "Gong, Patrick"]
[Result "0-1"]
[WhiteElo "1726"]
[BlackElo "2292"]
[PlyCount "48"]
[EventDate "2023.01.??"]
[EventRounds "11"]
[EventCountry "AUS"]
[SourceVersionDate "2023.01.02"]

1. d4 c5 2. e3 Nf6 3. Nf3 d5 4. b3 cxd4 5. exd4 Nc6 6. Bd3 Bg4 7. Bb2 Qa5+ 8. Bc3 Qc7 9. Qe2 e6 10. h3 Bh5 11. g4 Bg6 12. Ne5 Ne4 13. Bb2 Bb4+ 14. Kf1 f5 15. Nxc6 bxc6 16. Bxe4 fxe4 17. Nc3 O-O 18. Kg2 Rf3 19. Nd1 Raf8 20. Bc1 e3 21. Bxe3 Be4 22. Kf1 Qg3 23. c3 Bxc3 24. Rc1 Rxf2+ 0-1

[Event "Perth AUS Open"]
[Site "?"]
[Date "2023.01.06"]
[Round "7.16"]
[White "Ho, Lachlan"]
[Black "Hare, Tim"]
[Result "0-1"]
[WhiteElo "1703"]
[BlackElo "2017"]
[PlyCount "88"]
[EventDate "2023.01.??"]
[EventRounds "11"]
[EventCountry "AUS"]
[SourceVersionDate "2023.01.02"]

1. e4 d6 2. d4 g6 3. Nf3 Bg7 4. Nc3 a6 5. Bf4 b5 6. Qd2 Bb7 7. Bd3 Nd7 8. O-O h6 9. Bg3 c5 10. dxc5 Nxc5 11. Rab1 Rc8 12. Rfe1 e5 13. Nd5 Ne7 14. Nxe7 Qxe7 15. b4 Na4 16. Rb3 O-O 17. Rc1 d5 18. Re1 d4 19. a3 Rc7 20. Nxd4 exd4 21. Bxc7 Qxc7 22. e5 Bd5 23. Rbb1 Nc3 24. Ra1 Qc6 25. f3 Rd8 26. Qf2 Be6 27. Qh4 Qd7 28. g4 Rc8 29. h3 Nd5 30. Qg3 g5 31. h4 Nf4 32. hxg5 hxg5 33. Qh2 Kf8 34. Qh7 Bxg4 35. e6 Bxe6 36. Rad1 Nxd3 37. Qxd3 Rc3 38. Qxc3 dxc3 39. Rxd7 Bxd7 40. Kf2 Bf5 41. Re2 Bd4+ 42. Kg3 Kg7 43. f4 g4 44. Rh2 Be3 0-1

[Event "Perth AUS Open"]
[Site "?"]
[Date "2023.01.06"]
[Round "7.17"]
[White "Li, Tedric"]
[Black "Vlietstra, Marc"]
[Result "1-0"]
[WhiteElo "1688"]
[BlackElo "2007"]
[PlyCount "102"]
[EventDate "2023.01.??"]
[EventRounds "11"]
[EventCountry "AUS"]
[SourceVersionDate "2023.01.02"]

1. d4 Nf6 2. c4 e6 3. Nc3 b6 4. e4 Bb4 5. Bd3 Bb7 6. Qc2 h6 7. Nf3 Bxc3+ 8. bxc3 d6 9. O-O Nc6 10. d5 Ne7 11. dxe6 fxe6 12. e5 Nd7 13. Bg6+ Kf8 14. exd6 Nxg6 15. Qxg6 Bxf3 16. gxf3 Qf6 17. Qxf6+ gxf6 18. dxc7 Rc8 19. Ba3+ Nc5 20. Bxc5+ bxc5 21. Rab1 Rg8+ 22. Kh1 Rxc7 23. Rb8+ Kf7 24. Rfb1 Rxb8 25. Rxb8 Kg6 26. Kg2 Kf5 27. Rh8 Kg5 28. f4+ Kxf4 29. Rxh6 Rg7+ 30. Kf1 Ke5 31. f4+ Kf5 32. Kf2 Rb7 33. Ke3 Rb2 34. Rh5+ Kg4 35. Rxc5 Rxa2 36. h3+ Kxh3 37. Rc6 Ra1 38. Ke2 Kg4 39. Rxe6 f5 40. c5 Kxf4 41. c6 Rh1 42. c7 Rh8 43. Kd3 Rc8 44. Rc6 Kf3 45. Kd4 f4 46. Kd5 Ke2 47. Re6+ Kd3 48. Kc6 f3 49. Kb7 f2 50. Rf6 Rxc7+ 51. Kxc7 Ke2 1-0

[Event "Perth AUS Open"]
[Site "?"]
[Date "2023.01.06"]
[Round "7.18"]
[White "Salasan, Haran"]
[Black "Can, Ryan"]
[Result "1-0"]
[WhiteElo "2002"]
[BlackElo "1658"]
[PlyCount "87"]
[EventDate "2023.01.??"]
[EventRounds "11"]
[EventCountry "AUS"]
[SourceVersionDate "2023.01.02"]

1. d4 d5 2. Bf4 c5 3. e3 cxd4 4. exd4 Nf6 5. c3 Bf5 6. Qb3 Qc8 7. Nf3 Nc6 8. Nbd2 h6 9. h3 g5 10. Bh2 Bg7 11. Ne5 O-O 12. Be2 e6 13. Nd3 Ne4 14. Nxe4 dxe4 15. Nc5 b6 16. Ba6 Qd8 17. Nb7 Qf6 18. Nd6 Rad8 19. Qb5 Ne7 20. Qe2 Nd5 21. Nxe4 Qg6 22. Nd6 e5 23. Nxf5 Qxf5 24. Bd3 Qc8 25. dxe5 Nxc3 26. Qe3 Qd7 27. Bc2 Rfe8 28. Qxc3 Bxe5 29. Bxe5 Rc8 30. Qg3 Qb5 31. O-O-O Rxe5 32. Kb1 Rxc2 33. Kxc2 Re2+ 34. Rd2 Rxd2+ 35. Kxd2 Qxb2+ 36. Kd3 Qa3+ 37. Ke4 Qb4+ 38. Kf5 Qc5+ 39. Kg4 f5+ 40. Kh5 f4 41. Qb3+ Kg7 42. Qb2+ Kh7 43. Qb1+ Kh8 44. Rc1 1-0

[Event "Perth AUS Open"]
[Site "?"]
[Date "2023.01.06"]
[Round "7.19"]
[White "Novakovic, Velibor"]
[Black "Weller, Tony"]
[Result "1-0"]
[WhiteElo "1911"]
[BlackElo "1639"]
[PlyCount "133"]
[EventDate "2023.01.??"]
[EventRounds "11"]
[EventCountry "AUS"]
[SourceVersionDate "2023.01.02"]

1. e4 c5 2. Nc3 Nc6 3. g3 d6 4. Bg2 g6 5. d3 Bg7 6. f4 f5 7. Nf3 fxe4 8. dxe4 Nd4 9. O-O Bg4 10. Nd5 Nf6 11. Nxf6+ Bxf6 12. c3 Nxf3+ 13. Bxf3 Bxf3 14. Qxf3 O-O 15. Qg4 Bg7 16. Qe6+ Kh8 17. Be3 Rf6 18. Qb3 Qd7 19. Rad1 Qc6 20. Qd5 Qxd5 21. exd5 b5 22. b3 a5 23. c4 bxc4 24. bxc4 Rb8 25. Rb1 Rff8 26. Rb5 Bc3 27. Rfb1 Rxb5 28. Rxb5 Re8 29. Rb3 Bb4 30. Bc1 Kg7 31. Re3 a4 32. Kg2 Kf7 33. Kf3 e6 34. dxe6+ Rxe6 35. Rxe6 Kxe6 36. Ke4 h5 37. h3 Be1 38. g4 hxg4 39. hxg4 Bc3 40. Be3 Bg7 41. Bf2 Bf6 42. f5+ gxf5+ 43. gxf5+ Kd7 44. Kd5 Be7 45. Be3 Bf6 46. Bh6 Be5 47. Bf8 a3 48. Bh6 Ke7 49. Bc1 Kf6 50. Ke4 Bb2 51. Bd2 Be5 52. Be1 Kg5 53. Bf2 Bf6 54. Be3+ Kg4 55. Bf4 Be7 56. f6 Bxf6 57. Bxd6 Bd4 58. Kd5 Kf5 59. Bxc5 Bb2 60. Bd6 Bc1 61. c5 Be3 62. c6 Bb6 63. Bxa3 Kf6 64. Kd6 Kf7 65. Kd7 Ba5 66. c7 Bxc7 67. Kxc7 1-0

[Event "Perth AUS Open"]
[Site "?"]
[Date "2023.01.06"]
[Round "7.20"]
[White "Holland, Dennis"]
[Black "Roebuck, Derek"]
[Result "1-0"]
[WhiteElo "1899"]
[BlackElo "1592"]
[PlyCount "79"]
[EventDate "2023.01.??"]
[EventRounds "11"]
[EventCountry "AUS"]
[SourceVersionDate "2023.01.02"]

1. d4 d5 2. c4 c6 3. Nf3 Nf6 4. e3 Bf5 5. Bd3 Bxd3 6. Qxd3 e6 7. O-O Be7 8. Nc3 O-O 9. e4 dxe4 10. Nxe4 Nxe4 11. Qxe4 Nd7 12. b3 Nf6 13. Qe2 Bd6 14. Bb2 Re8 15. Ne5 a6 16. Rfd1 Qc7 17. a4 a5 18. h3 c5 19. Rd3 cxd4 20. Bxd4 Bc5 21. Bxc5 Qxc5 22. Nd7 Nxd7 23. Rxd7 Rad8 24. Rad1 Qc8 25. Qd2 Rxd7 26. Qxd7 g6 27. Qb5 Rd8 28. Rxd8+ Qxd8 29. Qxb7 h5 30. g3 f5 31. Qf3 e5 32. Qc3 e4 33. c5 h4 34. gxh4 Qxh4 35. c6 Qg5+ 36. Kh2 f4 37. c7 f3 38. c8=Q+ Kh7 39. Q3c7+ Kh6 40. Qh8# 1-0